Sociedade de consumo e consumidores em Portugal (Registo nº 69840)

Detalhes MARC
000 -Etiqueta do registo
campo de controlo de comprimento fixo 01104nam a2200337 4500
001 - Identificador do registo
Campo de controlo 69840
010 ## - ISBN
Número (ISBN) 9789899118669
021 ## - Nº depósito legal
Código do país Portugal
Número 509019/22
100 ## - Dados Gerais de Proc.
Dados gerais de processamento 20230428d2023 m y0pory50030103ba
101 0# - Língua da publicação
Língua do texto, banda sonora, etc. Português
102 ## - País de Publicação
País de publicação Portugal
105 ## - Dados Codif. Livros
Dados codificados dos livros y z 000yy
106 ## - Atributos Físicos
Dados codificados do material textual r
200 1# - Título
Título próprio Sociedade de consumo e consumidores em Portugal
Primeira menção de responsabilidade Mário Beja Santos
210 #9 - Publicação, Distribuição
Lugar da edição, distribuição, etc. Lisboa
Nome do editor, distribuidor, etc. Fundação Francisco Manuel dos Santos
Data da publicação, distribuição, etc. 2023
215 ## - Descrição física
Descrição física 104, [5] p.
225 2# - Colecção
Título próprio da colecção Ensaios da Fundação
Indicação de volume 128
675 ## - CDU
Notação 366.1/.7(042)
Edição BN
Língua da edição Português
675 ## - CDU
Notação 316.325(042)
Edição BN
Língua da edição Português
700 #1 - Responsabilidade principal
Palavra de ordem Santos
Outra parte do nome Mário Beja
Datas 1945-
Koha Internal Code 50333
801 #0 - Fonte de origem
País Portugal
Agência BN
Regras de catalogação RPC
090 ## - Números de controlo do sistema (Koha)
Número biblioitem do Koha (gerado automaticamente) 69840
942 ## - Elementos de entrada adicionados (Koha)
Tipo de item no Koha Monografias
Suprimido Disponível no OPAC
Exemplares
Removido (estado) Perdido (estado) Data de aquisição Origem do registo (biblioteca) (codificado) Código da organização que empresta ou é detentora (biblioteca) Código de barras Local Número de inventário Cota Tipo de circulação (não pode ser emprestado) Preço Tipo de item e material
Disponível Disponível 2023-09-21 Biblioteca Municipal Álvaro de Campos Biblioteca Municipal Álvaro de Campos BMTAV70489 Sala de Adultos 70489 FB18 SAN Normal 4.00 Monografias